The Legend of Zelda: Ocarina of Time - All Locations - Statistics

General Stats
  • This quiz has been taken 134 times
    133 since last reset
  • The average score is 23 of 68
Answer Stats
Answer % Correct
Fire Temple
86%
Inside the Deku Tree
86%
Water Temple
85%
Kokiri Forest
82%
Forest Temple
81%
Inside Jabu-Jabu's Belly
78%
Hyrule Castle
77%
Shadow Temple
76%
Hyrule Field
75%
Zora's Domain
75%
Spirit Temple
73%
Dodongo's Cavern
70%
Lost Woods
70%
Lon Lon Ranch
68%
Kakariko Village
66%
Gerudo Valley
65%
Goron City
63%
Lake Hylia
63%
Temple of Time
61%
Ice Cavern
59%
Ganon's Castle
58%
Link's House
52%
Graveyard
51%
Bottom of the Well
49%
Gerudo Fortress
44%
Castle Town Market
43%
Death Mountain Crater
38%
Saria's House
37%
Gerudo Training Ground
35%
Zora's River
35%
Death Mountain Trail
31%
Desert Colossus
27%
Mido's House
27%
Haunted Wasteland
26%
Impa's House
25%
Zora's Fountain
23%
Goron Shop
20%
Great Fairy's Fountain
20%
Sacred Forest Meadow
20%
Zora Shop
19%
Kokiri Shop
18%
Happy Mask Shop
17%
Windmill
17%
Fishing Hole
16%
Bazaar
15%
Shooting Gallery
15%
Bombchu Bowling Alley
11%
Bombchu Shop
9%
Grotto
8%
Lakeside Laboratory
8%
House of Skulltula
6%
Treasure Chest Game
5%
Twin's House
5%
Chamber of Sages
3%
Royal Family's Tomb
3%
Dampe's Shack
2%
Granny's Potion Shop
2%
Guard House
2%
Stable
2%
Fairy's Fountain
1%
Forest Stage
1%
Ghost Shop
1%
Horseback Archery Range
1%
Forest Training Center
0%
Hole of "Z"
0%
House of the Know-It-All Brothers
0%
Medicine Shop
0%
Medigoron's Blade Store
0%
No matching quizzes found
Score Distribution
Percent of People with Each Score
Percentile by Number Answered
Your Score History
You have not taken this quiz since the last reset